|
|
|
|
| LEADER |
00817nam a2200253 a 4500 |
| 001 |
2809 |
| 003 |
BD-DhAAL |
| 005 |
20150303140906.0 |
| 008 |
150303s1999 dcu 000 0 eng d |
| 020 |
|
|
|a 1878071483
|
| 040 |
|
|
|a AINT
|b eng
|d BD-DhAAL
|
| 082 |
0 |
4 |
|a 327.172
|2 21
|
| 100 |
1 |
0 |
|a Renner, Michael,
|d 1957-
|9 8977
|
| 245 |
1 |
0 |
|a Ending violent conflict /
|c Michael Renner.
|
| 260 |
|
|
|a Washington, D.C. :
|b Worldwatch Institute,
|c 1999.
|
| 300 |
|
|
|a 71 p. ;
|c 22 cm.
|
| 440 |
|
0 |
|a Worldwatch paper ;
|v 146
|9 8978
|
| 541 |
|
|
|e 2809
|
| 650 |
0 |
0 |
|a Peace.
|9 8979
|
| 650 |
0 |
0 |
|a Disarmament.
|9 8980
|
| 710 |
2 |
0 |
|a Worldwatch Institute.
|9 8981
|
| 942 |
|
|
|2 ddc
|c BK
|
| 999 |
|
|
|c 33858
|d 33858
|
| 952 |
|
|
|0 0
|1 0
|2 ddc
|4 0
|6 327_172000000000000_REN
|7 0
|9 52853
|a SCL
|b SCL
|c GEN
|d 2015-03-03
|l 0
|o 327.172 REN
|p 3020002809
|r 2015-03-03
|t 1
|w 2015-03-03
|y BK
|